The quiet american

Salvato in:
Dettagli Bibliografici
Autore principale: Greene, Graham (Autore)
Natura: Libro
Lingua:inglese
Pubblicazione: Londres Penguin Books 1977
Soggetti:
Tags: Aggiungi Tag
Nessun Tag, puoi essere il primo ad aggiungerne!!

MARC

LEADER 00000nam a2200000 a 4500
001 UCX8622
003 CL-VaPUC
008 940415e19770000UK |||||||||||||||||eng|d
082 0 4 |a 823  |b GRE  |2 21 
100 0 |a Greene, Graham  |e author  |9 309259 
245 1 4 |a The quiet american 
300 |a 188 p 
942 |c BK 
945 |d 19940415 00:00:00  |a rbrito 
260 |a Londres  |b Penguin Books  |c 1977 
650 0 |a Novelas inglesas  |9 265220 
583 |a last modification  |c 20120731 10:37:41  |k Rodrigo Vera 
999 |c 228066  |d 228064 
952 |0 0  |1 0  |4 0  |6 823_000000000000000_GRE_1977  |7 0  |8 A  |9 227664  |a BIBEDU  |b BIBEDU  |d 2019-11-15  |i 2948672  |o 823 GRE 1977  |p 2948672  |r 2019-11-15  |w 2019-11-15  |y BK  |k LIT